Congregational life-style change for the lean years (Record no. 3515)

MARC details
000 -LEADER
fixed length control field 00631nam a2200157Ia 4500
008 - FIXED-LENGTH DATA ELEMENTS--GENERAL INFORMATION
fixed length control field 081213s9999 xx 000 0 und d
050 ## - LIBRARY OF CONGRESS CALL NUMBER
Classification number BX8935
Item number .C66 1981
245 ## - TITLE STATEMENT
Title Congregational life-style change for the lean years
Statement of responsibility, etc edited by Dieter T. Hessel
260 ## - PUBLICATION, DISTRIBUTION, ETC. (IMPRINT)
Date of publication, distribution, etc 1981
Place of publication, distribution, etc New York
Name of publisher, distributor, etc United presbyterain Program Agency
300 ## - PHYSICAL DESCRIPTION
Other physical details ill.;
Extent xxii, 233 p. ;
Dimensions 21 cm.
500 ## - GENERAL NOTE
General note Includes appendix
650 ## - SUBJECT ADDED ENTRY--TOPICAL TERM
Topical term following geographic name as entry element Presbyterian church
General subdivision Lifestyle
700 ## - ADDED ENTRY--PERSONAL NAME
Titles and other words associated with a name George M. Wilson
942 ## - ADDED ENTRY ELEMENTS (KOHA)
Item type Book
Source of classification or shelving scheme Library of Congress Classification
Holdings
Withdrawn status Lost status Source of classification or shelving scheme Damaged status Not for loan Collection code Home library Current library Shelving location Date acquired Total Checkouts Full call number Barcode Price effective from Koha item type
    Library of Congress Classification     Non-fiction Bishop Okullu Memorial Library (Limuru Campus) Bishop Okullu Memorial Library (Limuru Campus) General Circulation 20/02/2009   BX8935 .C66 1981 001564 15/12/2008 Book